[Event "OLSW 1718 SC Caissa Schwarzenbach - Gam"]
[Site "?"]
[Date "2018.02.25"]
[Round "9.5"]
[White "Forthoffer, Patrick"]
[Black "Grewenig, Jan"]
[Result "1-0"]
[WhiteElo "2187"]
[BlackElo "2134"]
[PlyCount "81"]
[EventDate "2018.??.??"]

1. d4 Nf6 2. c4 c5 3. d5 b5 4. cxb5 a6 5. bxa6 g6 6. Nc3 Bxa6 7. e4 Bxf1 8.
Kxf1 d6 9. Nf3 Bg7 10. g3 Nbd7 11. Kg2 O-O 12. a4 Ne8 13. Bd2 Nc7 14. h4 h6 15.
Qe2 Rb8 16. Rhb1 Kh7 17. Nb5 Nxb5 18. axb5 Qb6 19. Ra5 Ra8 20. b4 cxb4 21. Rxa8
Rxa8 22. Rxb4 Rc8 23. Be3 Qa5 24. Rb1 Qa4 25. Nd2 Bd4 26. Bxd4 Qxd4 27. Nf3 Qc5
28. Qd3 Ra8 29. h5 Ra2 30. hxg6+ fxg6 31. Qd4 Ra7 32. Ng5+ Kg8 33. Ne6 Qxd4 34.
Nxd4 Kf7 35. Nc6 Ra4 36. b6 Rxe4 37. b7 Re2 38. b8=Q Nxb8 39. Rxb8 Rd2 40. Rb7
Re2 41. Kf1 1-0

[Event "OLSW 1718 SC Caissa Schwarzenbach - Gam"]
[Site "?"]
[Date "2018.02.25"]
[Round "9.6"]
[White "Gress, Alexander"]
[Black "Haenssel, Christian"]
[Result "0-1"]
[WhiteElo "2143"]
[BlackElo "2090"]
[PlyCount "64"]
[EventDate "2018.??.??"]

1. e4 c5 2. Nf3 d6 3. d4 cxd4 4. Nxd4 Nf6 5. Nc3 a6 6. Bg5 Nc6 7. Qd2 e6 8.
O-O-O h6 9. Be3 Qa5 10. f3 Nxd4 11. Bxd4 b5 12. Qe3 Nd7 13. Nd5 exd5 14. exd5+
Ne5 15. Bxe5 dxe5 16. Qxe5+ Kd8 17. d6 Be6 18. a3 Rc8 19. Bd3 Qb6 20. Bf5 Rc5
21. Qd4 Bxf5 22. c3 Rc6 23. Qe5 Be6 24. f4 Qc5 25. Qe4 Bxd6 26. Rhe1 Kc7 27. g4
g6 28. Rxd6 Rxd6 29. f5 gxf5 30. gxf5 Qxf5 31. Qb4 Rhd8 32. h4 Qf3 0-1

[Event "OLSW 1718 SC Caissa Schwarzenbach - Gam"]
[Site "?"]
[Date "2018.02.25"]
[Round "9.7"]
[White "Dr. Vogel, Christian"]
[Black "Becker, Joerg"]
[Result "1/2-1/2"]
[WhiteElo "2191"]
[BlackElo "2116"]
[PlyCount "143"]
[EventDate "2018.??.??"]

1. Nf3 d5 2. g3 Nc6 3. d4 g6 4. Bg2 Bg7 5. O-O Nf6 6. c4 dxc4 7. Qa4 O-O 8.
Qxc4 Be6 9. Qa4 Nd5 10. e3 Nb6 11. Qc2 Bc4 12. Rd1 Nb4 13. Qd2 Nxa2 14. Na3 Bd5
15. b4 Nxc1 16. Qxc1 a6 17. Qc2 f5 18. b5 c6 19. bxc6 Rc8 20. Ne5 Bxg2 21. Kxg2
Qd5+ 22. f3 Qe6 23. Qb2 Bxe5 24. cxb7 Rc7 25. dxe5 Rxb7 26. Rd4 Rd7 27. Rad1
Rd5 28. Rxd5 Nxd5 29. Qd4 Rd8 30. Kf2 Rd7 31. Rb1 Nc7 32. Qc4 Kf7 33. Ke2 Qxc4+
34. Nxc4 Nb5 35. Ra1 Nc3+ 36. Ke1 Rc7 37. e6+ Kxe6 38. Rxa6+ Kf7 39. Ne5+ Kg7
40. Nc6 Rd7 41. Nd4 e5 42. Ne6+ Kh6 43. Rc6 Rd1+ 44. Kf2 Rd2+ 45. Kf1 Nd5 46.
h3 Nxe3+ 47. Ke1 Rd7 48. g4 fxg4 49. hxg4 Ng2+ 50. Ke2 Re7 51. Nc5 Kg7 52. Kd3
h5 53. gxh5 gxh5 54. Ke4 Nf4 55. Kf5 h4 56. Kg4 h3 57. Ne4 h2 58. Rc1 Re6 59.
Rh1 Rh6 60. Kg3 Rg6+ 61. Kf2 Rg2+ 62. Kf1 Ra2 63. Ng3 Kf6 64. Ne4+ Kf5 65. Ke1
Ke6 66. Nf2 Kd5 67. Rxh2 Ra1+ 68. Kd2 Ra2+ 69. Kd1 Kd4 70. Ng4 Rxh2 71. Nxh2
Ke3 72. Ng4+ 1/2-1/2

[Event "OLSW 1718 SC Caissa Schwarzenbach - Gam"]
[Site "?"]
[Date "2018.02.25"]
[Round "9.8"]
[White "Busemann, Stephan"]
[Black "Etienne, Eric"]
[Result "1/2-1/2"]
[WhiteElo "2088"]
[BlackElo "2050"]
[PlyCount "119"]
[EventDate "2018.??.??"]

1. e4 Nc6 2. Nf3 d6 3. d4 Nf6 4. d5 Ne5 5. Nxe5 dxe5 6. Nc3 e6 7. Bg5 Bb4 8.
Bc4 exd5 9. exd5 O-O 10. O-O Qd6 11. Qf3 a6 12. a4 Bg4 13. Qg3 Bf5 14. Bd3 Bg6
15. Bxf6 Qxf6 16. Bxg6 hxg6 17. Rfe1 Rfe8 18. Re4 Bd6 19. Rd1 g5 20. Rd3 Qg6
21. Rd1 f5 22. Re2 e4 23. Qe3 Qh5 24. Qh3 Qxh3 25. gxh3 Kf7 26. Kg2 Rad8 27.
Re3 Bf4 28. Ree1 Rd6 29. Ne2 Be5 30. Nd4 Bxd4 31. Rxd4 Red8 32. c4 c6 33. Red1
cxd5 34. cxd5 Kf6 35. Rb4 R8d7 36. f3 e3 37. f4 gxf4 38. Kf3 g5 39. h4 Rxd5 40.
hxg5+ Kxg5 41. Rxd5 Rxd5 42. Rxf4 Rd2 43. h4+ Kg6 44. Rb4 e2 45. Kf2 Kh5 46. b3
Rb2 47. Rxb7 Kxh4 48. b4 f4 49. b5 axb5 50. Rxb5 Ra2 51. Rb4 Kg4 52. Re4 e1=Q+
53. Kxe1 Kf3 54. Rb4 Ra1+ 55. Kd2 Kg3 56. Rb8 Kf2 57. Ra8 f3 58. Kc3 Ke2 59.
Re8+ Kf1 60. Kb4 1/2-1/2

[Event "OLSW 1718 SG Trier - SK Gau-Algesheim"]
[Site "?"]
[Date "2018.02.25"]
[Round "9.1"]
[White "Kling, Felix"]
[Black "Barzen, Pascal"]
[Result "1/2-1/2"]
[WhiteElo "2173"]
[BlackElo "2293"]
[PlyCount "136"]
[EventDate "2018.??.??"]

1. e4 c6 2. d4 d5 3. f3 e6 4. a3 c5 5. exd5 exd5 6. Nc3 Be6 7. Be3 Nc6 8. Nge2
Nge7 9. Qd2 Nf5 10. Bf2 Be7 11. dxc5 d4 12. Ne4 O-O 13. Nf4 Qd7 14. Bb5 a6 15.
Bd3 Ne5 16. O-O Nc4 17. Bxc4 Bxc4 18. Rfe1 Rfd8 19. Nd3 Qc7 20. Qf4 Qxf4 21.
Nxf4 a5 22. g4 Ne3 23. Bxe3 dxe3 24. Rxe3 Kf8 25. Nd3 a4 26. Rae1 Rac8 27. Ne5
Bd5 28. Nd3 Bc4 29. Nd2 Be6 30. Nb1 Rxc5 31. Nxc5 Bxc5 32. Kg2 Bxe3 33. Rxe3
Bc4 34. Kg3 f6 35. b3 axb3 36. cxb3 Bf7 37. b4 Rd1 38. Nc3 Rg1+ 39. Kf2 Rh1 40.
Kg2 Ra1 41. Ne4 Rd1 42. h4 Bd5 43. Nc5 Bc6 44. h5 Kf7 45. Kf2 f5 46. gxf5 Kf6
47. h6 gxh6 48. Re6+ Kxf5 49. Rxh6 Ra1 50. Rxh7 Rxa3 51. Rf7+ Kg6 52. Rf4 Ra2+
53. Kg3 Rb2 54. Nd3 Re2 55. Nf2 Re1 56. Ne4 Rb1 57. Nd6 Rb3 58. Nf5 Rc3 59.
Ne7+ Kg7 60. Nxc6 bxc6 61. Kg4 c5 62. bxc5 Rxc5 63. Ra4 Rb5 64. f4 Kf7 65. Ra6
Rc5 66. Ra7+ Kf6 67. Ra6+ Kf7 68. f5 Rc1 1/2-1/2

[Event "OLSW 1718 SG Trier - SK Gau-Algesheim"]
[Site "?"]
[Date "2018.02.25"]
[Round "9.2"]
[White "Koch, Hans-Juergen"]
[Black "Michels, Achim"]
[Result "1-0"]
[WhiteElo "2257"]
[BlackElo "2182"]
[PlyCount "49"]
[EventDate "2018.??.??"]

1. c4 e6 2. Nf3 d5 3. e3 Nf6 4. b3 Be7 5. Bb2 O-O 6. Be2 c5 7. O-O Nc6 8. d4
cxd4 9. Nxd4 Qa5 10. cxd5 Nxd5 11. Nxc6 bxc6 12. Qc1 Ba6 13. Bxa6 Qxa6 14. Nd2
Nb4 15. Bc3 Nd3 16. Qc2 Rfd8 17. Nc4 Rd7 18. Qe2 Qb5 19. Rad1 Rad8 20. Ba5 Qf5
21. Bxd8 Bxd8 22. e4 Nf4 23. Qf3 Nh3+ 24. Qxh3 Qxh3 25. gxh3 1-0

[Event "OLSW 1718 SG Trier - SK Gau-Algesheim"]
[Site "?"]
[Date "2018.02.25"]
[Round "9.3"]
[White "Karsay, Pascal"]
[Black "Dany, Alexander"]
[Result "1-0"]
[WhiteElo "2196"]
[BlackElo "2111"]
[PlyCount "107"]
[EventDate "2018.??.??"]

1. e4 c5 2. Nf3 Nc6 3. Nc3 g6 4. d4 cxd4 5. Nxd4 Bg7 6. Be3 Nf6 7. Bc4 O-O 8.
Bb3 Qa5 9. O-O d6 10. h3 Bd7 11. Re1 Rac8 12. Nd5 Nxd5 13. exd5 Nxd4 14. Bxd4
Bxd4 15. Qxd4 Rfe8 16. Re3 Qc5 17. Qh4 e5 18. dxe6 Bxe6 19. Rae1 d5 20. Rd3 Bf5
21. Rxe8+ Rxe8 22. Rxd5 Qc7 23. Qg3 Qxg3 24. fxg3 Be6 25. Re5 Kg7 26. Kf2 Rc8
27. c3 Bxb3 28. axb3 Kf6 29. Rd5 Ke6 30. Rd4 Rc6 31. b4 Ra6 32. g4 Ra2 33. Rd2
Ra1 34. Ke3 Rf1 35. b5 f5 36. gxf5+ Rxf5 37. c4 Rf1 38. Kd4 Kd6 39. b4 Kc7 40.
Ra2 Kb6 41. Re2 Rf7 42. Re6+ Kc7 43. c5 Kd7 44. Kd5 Rf5+ 45. Re5 Rf6 46. Re2 a6
47. c6+ bxc6+ 48. bxc6+ Kd8 49. Kc5 Rf5+ 50. Kd6 Rf6+ 51. Re6 Rf8 52. c7+ Kc8
53. Kc6 g5 54. Rd6 1-0

[Event "OLSW 1718 SG Trier - SK Gau-Algesheim"]
[Site "?"]
[Date "2018.02.25"]
[Round "9.4"]
[White "Carafizi, Vasile"]
[Black "Frede, Lennart"]
[Result "1/2-1/2"]
[WhiteElo "2215"]
[BlackElo "2172"]
[PlyCount "41"]
[EventDate "2018.??.??"]

1. d4 Nf6 2. Nf3 e6 3. c4 Bb4+ 4. Bd2 Qe7 5. a3 Bxd2+ 6. Nbxd2 d6 7. e3 O-O 8.
Be2 e5 9. d5 Bf5 10. O-O h6 11. b4 Nbd7 12. Qb3 c5 13. dxc6 bxc6 14. Rfd1 a5
15. Bf1 Rfb8 16. Qc3 Nb6 17. Nb3 Na4 18. Qe1 axb4 19. axb4 Qc7 20. Na5 Nb2 21.
Rdc1 1/2-1/2

[Event "OLSW 1718 SG Trier - SK Gau-Algesheim"]
[Site "?"]
[Date "2018.02.25"]
[Round "9.5"]
[White "Bauer, Bjoern-Benny"]
[Black "Hein, Ralf"]
[Result "1-0"]
[WhiteElo "2213"]
[BlackElo "1922"]
[PlyCount "87"]
[EventDate "2018.??.??"]

1. d4 Nf6 2. c4 g6 3. Nc3 Bg7 4. e4 d6 5. Be2 O-O 6. Nf3 e5 7. d5 a5 8. Bg5 h6
9. Bh4 g5 10. Bg3 Nh5 11. Nd2 Nf4 12. O-O Na6 13. f3 Nc5 14. b3 f5 15. a3 h5
16. b4 axb4 17. axb4 Rxa1 18. Qxa1 Nxe2+ 19. Nxe2 Nd3 20. Qa3 Nf4 21. Nxf4 exf4
22. Bf2 g4 23. fxg4 fxg4 24. c5 Bd7 25. Rc1 h4 26. g3 hxg3 27. hxg3 fxg3 28.
Bxg3 Bd4+ 29. Kg2 Qg5 30. Qd3 Be3 31. c6 bxc6 32. dxc6 Be6 33. Rd1 Rf3 34. Nxf3
gxf3+ 35. Kxf3 Bg4+ 36. Kg2 Bxd1 37. Qxd1 Bb6 38. Qd5+ Qxd5 39. exd5 Kf7 40.
Kf3 Kf6 41. Ke4 Ke7 42. Bh4+ Ke8 43. Bg5 Bg1 44. Be3 1-0

[Event "OLSW 1718 SG Trier - SK Gau-Algesheim"]
[Site "?"]
[Date "2018.02.25"]
[Round "9.6"]
[White "Scholtes, Benedikt"]
[Black "Weyerhaeuser, Joerg"]
[Result "1/2-1/2"]
[WhiteElo "2029"]
[BlackElo "2055"]
[PlyCount "57"]
[EventDate "2018.??.??"]

1. e4 d6 2. d4 Nf6 3. Nc3 g6 4. Bd3 Bg7 5. Nge2 c5 6. dxc5 dxc5 7. Be3 Nbd7 8.
h3 a6 9. a4 b6 10. f4 e6 11. O-O Bb7 12. e5 Nd5 13. Qd2 Qc7 14. Ne4 O-O 15.
N2c3 Nxc3 16. Nxc3 Rad8 17. Qe2 Nb8 18. Rad1 Nc6 19. Ne4 c4 20. Bxc4 Nxe5 21.
fxe5 Bxe4 22. Bxa6 Qxc2 23. Qxc2 Bxc2 24. Rxd8 Rxd8 25. Bxb6 Ra8 26. Bb5 Bxe5
27. a5 Be4 28. Re1 f5 29. Re2 1/2-1/2

[Event "OLSW 1718 SG Trier - SK Gau-Algesheim"]
[Site "?"]
[Date "2018.02.25"]
[Round "9.8"]
[White "Metzdorf, Matteo"]
[Black "Dillmann, Markus"]
[Result "1/2-1/2"]
[WhiteElo "1787"]
[BlackElo "2117"]
[PlyCount "77"]
[EventDate "2018.??.??"]

1. e4 e5 2. Nf3 d6 3. Bc4 Be7 4. c3 Nf6 5. d3 O-O 6. Nbd2 c6 7. O-O b5 8. Bb3
Bb7 9. a4 a6 10. Re1 Nbd7 11. Nf1 Qc7 12. Ng3 Rfe8 13. d4 Bf8 14. Ng5 d5 15.
dxe5 Nxe5 16. f4 Neg4 17. Nf5 Qb6+ 18. Nd4 c5 19. a5 Qa7 20. e5 cxd4 21. cxd4
Bb4 22. Rf1 Ne4 23. Nxe4 dxe4 24. Qxg4 Qxd4+ 25. Kh1 e3 26. Rd1 Qe4 27. Qe2
Qxg2+ 28. Qxg2 Bxg2+ 29. Kxg2 e2 30. Rg1 e1=Q 31. Rxe1 Bxe1 32. Be3 Bb4 33. Bb6
Rac8 34. e6 f6 35. Rd1 Kf8 36. Rd7 Be7 37. Ra7 Ra8 38. Rd7 Rac8 39. Ra7 1/2-1/2

[Event "OLSW 1718 SK Altenkirchen - SC Remagen-"]
[Site "?"]
[Date "2018.02.25"]
[Round "9.1"]
[White "Dgebuadze, Alexandre"]
[Black "Bruehl, Andreas"]
[Result "1/2-1/2"]
[WhiteElo "2525"]
[BlackElo "2303"]
[PlyCount "130"]
[EventDate "2018.??.??"]

1. e4 e5 2. Bc4 Nf6 3. d3 c6 4. Nf3 d5 5. Bb3 Bd6 6. exd5 Nxd5 7. O-O O-O 8.
Re1 Re8 9. Bg5 f6 10. Bd2 Kh8 11. Nc3 Be6 12. d4 exd4 13. Nxd4 Nxc3 14. Bxc3
Bxb3 15. axb3 Rxe1+ 16. Qxe1 Nd7 17. Rd1 Be5 18. Nf3 Qc7 19. Qd2 Bxc3 20. Qxd7
Qxd7 21. Rxd7 Bxb2 22. Rxb7 c5 23. Rc7 Ba3 24. Ne1 a5 25. Nd3 a4 26. bxa4 Kg8
27. Nxc5 Bxc5 28. Rxc5 Rxa4 29. Kf1 Re4 30. Rc7 h5 31. g3 Kh7 32. h4 Kh6 33.
Rc6 Kg6 34. Rd6 Rc4 35. Rd2 Kf5 36. Ke2 Rc3 37. Kd1 g5 38. Rd5+ Kg4 39. Kd2 Rf3
40. Ke2 Rc3 41. Kd2 Rf3 42. Ke1 Rc3 43. Rd6 gxh4 44. Rd4+ Kf5 45. Rxh4 Rxc2 46.
Rxh5+ Kg6 47. Rd5 f5 48. Rd2 Rc3 49. Ke2 f4 50. gxf4 Kf5 51. Rd4 Ra3 52. f3
Ra2+ 53. Ke3 Ra3+ 54. Kf2 Ra8 55. Re4 Rb8 56. Kg2 Rg8+ 57. Kf1 Ra8 58. Ke2 Ra2+
59. Ke3 Ra3+ 60. Kf2 Ra8 61. Re7 Kxf4 62. Rf7+ Kg5 63. Kg3 Ra4 64. f4+ Kg6 65.
Rb7 Ra1 1/2-1/2

[Event "OLSW 1718 SK Altenkirchen - SC Remagen-"]
[Site "?"]
[Date "2018.02.25"]
[Round "9.2"]
[White "Heidorn, Oliver"]
[Black "Popovic, Petar"]
[Result "0-1"]
[WhiteElo "2104"]
[BlackElo "2451"]
[PlyCount "80"]
[EventDate "2018.??.??"]

1. d4 Nf6 2. c4 g6 3. Nc3 Bg7 4. Bg5 h6 5. Bh4 c5 6. e3 cxd4 7. exd4 d6 8. Be2
O-O 9. h3 a6 10. Nf3 Nbd7 11. Bg3 b6 12. O-O Bb7 13. Re1 Ne4 14. Nxe4 Bxe4 15.
Nh2 Re8 16. Bf3 Bxf3 17. Nxf3 b5 18. cxb5 axb5 19. Qb3 Qa5 20. Re2 Qb6 21. Rae1
e6 22. Rxe6 fxe6 23. Rxe6 Kh7 24. Rxd6 Qa7 25. Qxb5 Nf8 26. Be5 Re6 27. Rd5
Bxe5 28. Nxe5 Rb8 29. Qc4 Qe7 30. Rc5 Rb7 31. Rc8 Nd7 32. Nxd7 Rxd7 33. h4 Qf6
34. g3 Rf7 35. f4 Ree7 36. h5 gxh5 37. Rc6 Qf5 38. Qa6 Kg7 39. Rxh6 Qg4 40. Kf2
Rxf4+ 0-1

[Event "OLSW 1718 SK Altenkirchen - SC Remagen-"]
[Site "?"]
[Date "2018.02.25"]
[Round "9.3"]
[White "Polaczek, Richard"]
[Black "Telke, Holger"]
[Result "1-0"]
[WhiteElo "2392"]
[BlackElo "2085"]
[PlyCount "83"]
[EventDate "2018.??.??"]

1. d4 d5 2. c4 Bf5 3. cxd5 Bxb1 4. Qa4+ Qd7 5. Qxd7+ Nxd7 6. Rxb1 Ngf6 7. Bd2
Nb6 8. f3 Nfxd5 9. e4 Nf6 10. d5 e5 11. dxe6 fxe6 12. Nh3 e5 13. Bd3 O-O-O 14.
Ke2 Bc5 15. Rhc1 Bd4 16. Rc2 Kb8 17. b4 Rd7 18. a4 Rhd8 19. Ng5 Re7 20. a5 Nc8
21. a6 h6 22. axb7 Nd6 23. Nh3 Red7 24. Rb3 g5 25. Be3 Bb6 26. Nf2 Nh5 27. Ng4
Nf7 28. Bc4 Bxe3 29. Kxe3 Nf4 30. Bxf7 Rxf7 31. Nxe5 Rf6 32. g3 Re6 33. Nc6+
Rxc6 34. Rxc6 Ng2+ 35. Ke2 h5 36. Rbc3 Rd7 37. e5 h4 38. e6 Re7 39. Kf2 h3 40.
Rxc7 Rxe6 41. Rh7 Re8 42. Rc8+ 1-0

[Event "OLSW 1718 SK Altenkirchen - SC Remagen-"]
[Site "?"]
[Date "2018.02.25"]
[Round "9.4"]
[White "Kaster, Martin"]
[Black "Alienkin, Aleksander"]
[Result "1/2-1/2"]
[WhiteElo "2110"]
[BlackElo "2386"]
[PlyCount "48"]
[EventDate "2018.??.??"]

1. Nf3 Nf6 2. c4 e6 3. g3 b6 4. Bg2 Bb7 5. O-O Be7 6. Nc3 O-O 7. Qc2 c5 8. e4
d6 9. d4 cxd4 10. Nxd4 Nbd7 11. Rd1 Qb8 12. Qe2 Re8 13. f4 e5 14. Nf5 Bf8 15.
fxe5 dxe5 16. g4 Rd8 17. g5 Ne8 18. Nd5 Bxd5 19. exd5 Nd6 20. Ng3 Rc8 21. Bh3
Qb7 22. b3 b5 23. Ba3 bxc4 24. Bxd6 Bxd6 1/2-1/2

[Event "OLSW 1718 SK Altenkirchen - SC Remagen-"]
[Site "?"]
[Date "2018.02.25"]
[Round "9.6"]
[White "Hoffmann, Thomas"]
[Black "Murariu, Nicky"]
[Result "1-0"]
[WhiteElo "2033"]
[BlackElo "2019"]
[PlyCount "59"]
[EventDate "2018.??.??"]

1. d4 g6 2. c4 Bg7 3. Nc3 c5 4. d5 d6 5. e4 Nd7 6. Be3 a6 7. Qd2 Rb8 8. a4 Qa5
9. f4 Nh6 10. Nf3 Ng4 11. Bg1 O-O 12. h3 Ngf6 13. Bd3 Nh5 14. Be3 Ng3 15. Rg1
e6 16. Kf2 exd5 17. Kxg3 d4 18. Nd5 Qd8 19. Bf2 a5 20. Kh2 b6 21. Rae1 f6 22.
Rgf1 Rf7 23. b3 Kh8 24. g4 Bh6 25. Qe2 Bb7 26. Bg3 Qf8 27. e5 Bxd5 28. cxd5
Nxe5 29. fxe5 fxe5 30. Nxe5 1-0

[Event "OLSW 1718 SK Altenkirchen - SC Remagen-"]
[Site "?"]
[Date "2018.02.25"]
[Round "9.7"]
[White "Thoennes, Frank"]
[Black "Schmerda, Ingo"]
[Result "1-0"]
[WhiteElo "2045"]
[BlackElo "1923"]
[PlyCount "63"]
[EventDate "2018.??.??"]

1. d4 Nf6 2. Bg5 d5 3. c4 c6 4. Nc3 e6 5. Nf3 Nbd7 6. e3 Qa5 7. Nd2 Be7 8. f4
O-O 9. Bd3 h6 10. Bh4 c5 11. Nb3 Qc7 12. Nb5 Qb6 13. O-O a6 14. dxc5 Nxc5 15.
N5d4 Nxd3 16. Qxd3 dxc4 17. Qxc4 Bd7 18. Rac1 Rac8 19. Qe2 Qa7 20. Rfd1 Ba4 21.
Kh1 Rfd8 22. Qf3 Qb8 23. h3 Rxc1 24. Rxc1 Bxb3 25. Nxb3 Rd3 26. Qe2 Qd6 27. Nd4
Rxd4 28. exd4 Qxf4 29. Rc8+ Kh7 30. Qd3+ g6 31. Bg3 Qg5 32. Be5 1-0

[Event "OLSW 1718 SK Altenkirchen - SC Remagen-"]
[Site "?"]
[Date "2018.02.25"]
[Round "9.8"]
[White "Krumm, Johannes"]
[Black "Busch, Raimund"]
[Result "1/2-1/2"]
[WhiteElo "2072"]
[BlackElo "2253"]
[PlyCount "73"]
[EventDate "2018.??.??"]

1. b3 e5 2. Bb2 Nc6 3. e3 g6 4. d4 exd4 5. Nf3 Bg7 6. exd4 Nge7 7. a3 O-O 8.
Bd3 Nd5 9. O-O Nf4 10. Re1 Nxd3 11. Qxd3 d6 12. c4 Bf5 13. Qf1 Qd7 14. Nbd2
Rae8 15. Rac1 Rxe1 16. Rxe1 Re8 17. Ba1 Rxe1 18. Qxe1 Qe7 19. Qe3 Kf8 20. b4 a6
21. h3 b5 22. cxb5 axb5 23. Qc3 Be4 24. Nxe4 Qxe4 25. Kh2 Ke7 26. a4 bxa4 27.
b5 Nb8 28. Qxc7+ Nd7 29. b6 Bh6 30. b7 Bf4+ 31. Kh1 d5 32. Qc3 Qb1+ 33. Ng1
Qxb7 34. Qa3+ Bd6 35. Qxa4 Qb1 36. Bc3 Qd3 37. Bb4 1/2-1/2

[Event "OLSW 1718 SG Turm Illingen - SVG Saarbr"]
[Site "?"]
[Date "2018.02.25"]
[Round "9.1"]
[White "Mohammad, Samir"]
[Black "Mayer, Frank"]
[Result "1/2-1/2"]
[WhiteElo "2331"]
[BlackElo "2318"]
[PlyCount "76"]
[EventDate "2018.??.??"]

1. d4 e6 2. c4 f5 3. g3 Nf6 4. Bg2 d5 5. Nh3 c6 6. O-O Bd6 7. Qc2 O-O 8. Bf4
Be7 9. Rd1 Nbd7 10. Ng5 Nb6 11. c5 Nh5 12. Nxh7 Kxh7 13. cxb6 Nxf4 14. gxf4
axb6 15. Nd2 Bd7 16. Nf3 Be8 17. Qd2 Bh5 18. Ne5 Bd6 19. Qe3 Rf6 20. Rd3 Qe7
21. Qd2 Bb4 22. Qc2 Rh6 23. Rh3 Rg8 24. Kh1 g5 25. fxg5 Qxg5 26. Rg1 Bd6 27. e3
Bxe5 28. dxe5 Bg4 29. f4 Qg6 30. Rxh6+ Qxh6 31. Qf2 Qh5 32. Re1 c5 33. a3 Rg7
34. Rc1 Be2 35. Re1 Bd3 36. Bf3 Be4 37. Bxe4 fxe4 38. Rg1 Rxg1+ 1/2-1/2

[Event "OLSW 1718 SG Turm Illingen - SVG Saarbr"]
[Site "?"]
[Date "2018.02.25"]
[Round "9.2"]
[White "Klein, Joachim"]
[Black "Bastian, Herbert"]
[Result "0-1"]
[WhiteElo "2165"]
[BlackElo "2299"]
[PlyCount "68"]
[EventDate "2018.??.??"]

1. d4 Nf6 2. Bf4 d6 3. e3 e6 4. h3 Be7 5. Nf3 b6 6. Bd3 Bb7 7. c3 Nbd7 8. Qe2
Ne4 9. Nbd2 Nxd2 10. Nxd2 e5 11. Bh2 O-O 12. O-O a6 13. Rad1 Qe8 14. Rfe1 f5
15. dxe5 dxe5 16. Bc4+ Kh8 17. Nf3 Bd6 18. Bd5 Bxd5 19. Rxd5 Nf6 20. Rxe5 Bxe5
21. Bxe5 c5 22. Rd1 Ne4 23. Rd5 Rd8 24. Rxd8 Qxd8 25. Qxa6 Qd1+ 26. Qf1 Rd8 27.
Bc7 Qxf1+ 28. Kxf1 Rd1+ 29. Ne1 Rb1 30. f3 Nd2+ 31. Ke2 Rxb2 32. Kd3 b5 33. Bd6
Nc4 34. Bxc5 Rd2# 0-1

[Event "OLSW 1718 SG Turm Illingen - SVG Saarbr"]
[Site "?"]
[Date "2018.02.25"]
[Round "9.3"]
[White "Paci, Cedric"]
[Black "Giese, Tilman"]
[Result "1/2-1/2"]
[WhiteElo "2290"]
[BlackElo "2045"]
[PlyCount "69"]
[EventDate "2018.??.??"]

1. Nf3 d5 2. c4 d4 3. g3 g6 4. Bg2 Bg7 5. O-O Nc6 6. d3 e5 7. Na3 Bf5 8. Nc2 a5
9. b3 Qd7 10. Re1 Nf6 11. Ba3 Bf8 12. Bxf8 Kxf8 13. a3 Qd6 14. b4 Kg7 15. b5
Nd8 16. e3 c5 17. bxc6 Nxc6 18. exd4 exd4 19. Rb1 Rab8 20. Rb5 Rhd8 21. Ng5 b6
22. Ne4 Bxe4 23. Bxe4 Na7 24. Rb3 b5 25. Qa1 bxc4 26. Rxb8 Rxb8 27. dxc4 Rd8
28. Bf3 Nc6 29. Bxc6 Qxc6 30. Rd1 Qxc4 31. Rxd4 Rxd4 32. Nxd4 Kg8 33. Qb2 Nd7
34. h4 h5 35. Nf3 1/2-1/2

[Event "OLSW 1718 SG Turm Illingen - SVG Saarbr"]
[Site "?"]
[Date "2018.02.25"]
[Round "9.4"]
[White "Biehler, Thomas"]
[Black "Le Corre, Benjamin"]
[Result "0-1"]
[WhiteElo "2228"]
[BlackElo "2287"]
[PlyCount "82"]
[EventDate "2018.??.??"]

1. c4 e5 2. g3 Nf6 3. Bg2 c6 4. Nf3 e4 5. Nd4 d5 6. cxd5 Qxd5 7. Nc2 Qh5 8. h3
Qg6 9. Nc3 Bd6 10. d3 exd3 11. Qxd3 Qxd3 12. exd3 O-O 13. Bg5 Nbd7 14. O-O-O h6
15. Be3 Nb6 16. Bd4 Nfd5 17. Nxd5 Nxd5 18. Ne3 Nc7 19. Nc4 Nb5 20. Bxg7 Kxg7
21. a4 Bb4 22. axb5 cxb5 23. Ne3 Rd8 24. d4 a5 25. Be4 a4 26. Rd3 Bf8 27. Kb1
Re8 28. f3 Ra6 29. g4 b4 30. Rc1 a3 31. Ka2 axb2+ 32. Kxb2 Ra3 33. Nc2 Rxe4 34.
Nxa3 bxa3+ 35. Kb3 Be6+ 36. d5 Rb4+ 37. Ka2 Rb2+ 38. Ka1 Bd7 39. d6 Kg6 40.
Rxa3 Bg7 41. Ra7 Rb6+ 0-1

[Event "OLSW 1718 SG Turm Illingen - SVG Saarbr"]
[Site "?"]
[Date "2018.02.25"]
[Round "9.5"]
[White "Mueller, Denis"]
[Black "Schmidt, Johannes"]
[Result "0-1"]
[WhiteElo "2173"]
[BlackElo "2128"]
[PlyCount "60"]
[EventDate "2018.??.??"]

1. e4 c5 2. Nf3 d6 3. d4 cxd4 4. Nxd4 Nf6 5. Nc3 a6 6. Be3 e5 7. Nb3 Be7 8. f3
Be6 9. Qd2 O-O 10. O-O-O a5 11. a4 Na6 12. g4 Nb4 13. g5 Ne8 14. h4 Rc8 15. h5
d5 16. exd5 Bf5 17. Na1 Nd6 18. Kb1 Qd7 19. Rh2 Rfe8 20. Qe1 Bf8 21. Nb5 Nc4
22. Bxc4 Rxc4 23. b3 Rcc8 24. Kb2 Bc5 25. c4 Bd4+ 26. Bxd4 exd4 27. Qf1 d3 28.
Nd4 Re3 29. Rhd2 Qe7 30. Nb5 Qxg5 0-1

[Event "OLSW 1718 SG Turm Illingen - SVG Saarbr"]
[Site "?"]
[Date "2018.02.25"]
[Round "9.6"]
[White "Kessler, Alexander"]
[Black "Busche, Stefan"]
[Result "1/2-1/2"]
[WhiteElo "1832"]
[BlackElo "2048"]
[PlyCount "81"]
[EventDate "2018.??.??"]

1. d4 Nf6 2. Nf3 g6 3. Bg5 Bg7 4. e3 c5 5. c3 Qb6 6. Qc2 Nc6 7. Nbd2 d5 8. Be2
Bf5 9. Qc1 Rc8 10. Nb3 Ne4 11. Bf4 a5 12. O-O a4 13. dxc5 Nxc5 14. Nbd4 Bd3 15.
Qd2 Qa6 16. Bxd3 Nxd3 17. Bg3 O-O 18. Rfd1 Nc5 19. Ne2 Rfd8 20. h3 a3 21. b3
Ne4 22. Qe1 Na7 23. Rac1 Qa5 24. Be5 f6 25. Bd4 Nc6 26. c4 Qxe1+ 27. Rxe1 dxc4
28. Bb6 Rd6 29. Rxc4 Nd2 30. Nxd2 Rxd2 31. Nc3 Ra8 32. Re2 Rb2 33. Kf1 f5 34.
Na4 Rb1+ 35. Re1 Rxe1+ 36. Kxe1 Ne5 37. Rc2 Nd3+ 38. Ke2 Nb4 39. Rd2 e6 40. Bc5
Nd5 41. Nb6 1/2-1/2

[Event "OLSW 1718 SG Turm Illingen - SVG Saarbr"]
[Site "?"]
[Date "2018.02.25"]
[Round "9.7"]
[White "Frantz, Nicolas"]
[Black "Kuhn, Patrick"]
[Result "1-0"]
[WhiteElo "2032"]
[BlackElo "2027"]
[PlyCount "61"]
[EventDate "2018.??.??"]

1. e4 c5 2. Nf3 d6 3. d4 cxd4 4. Qxd4 Bg4 5. Qe3 Nc6 6. Bc4 e6 7. Nc3 Be7 8.
Bd2 Bxf3 9. gxf3 Bf6 10. O-O-O Nge7 11. f4 a6 12. Qg3 Rc8 13. Bb3 Nd4 14. Rhe1
b5 15. Kb1 a5 16. Be3 Nec6 17. Bxd4 Nxd4 18. e5 Nf5 19. Qd3 Be7 20. Qxb5+ Kf8
21. exd6 Nxd6 22. Qe2 Qb6 23. Nd5 Qb7 24. Nxe7 Qxe7 25. Qa6 Rd8 26. Qxa5 Nb7
27. Qb6 g6 28. Rxd8+ Nxd8 29. Qd4 f6 30. Rd1 Kf7 31. Qb6 1-0

[Event "OLSW 1718 SG Turm Illingen - SVG Saarbr"]
[Site "?"]
[Date "2018.02.25"]
[Round "9.8"]
[White "Hauer, Andreas"]
[Black "Thomas, Anysia"]
[Result "0-1"]
[WhiteElo "1942"]
[BlackElo "2125"]
[PlyCount "112"]
[EventDate "2018.??.??"]

1. c4 g6 2. Nc3 c5 3. e4 Bg7 4. g3 Nc6 5. Bg2 e6 6. Nge2 Nge7 7. O-O O-O 8. d3
b6 9. Rb1 Bb7 10. Be3 Ne5 11. h3 d5 12. cxd5 exd5 13. Bg5 f6 14. Bc1 dxe4 15.
dxe4 Qxd1 16. Rxd1 Rad8 17. Nd5 Nxd5 18. exd5 Rfe8 19. Nc3 Nc4 20. b3 Nd6 21.
Bf4 f5 22. Bxd6 Bxc3 23. Bc7 Rd7 24. d6 Bxg2 25. Kxg2 Re2 26. a4 Bd4 27. Rf1
Kf7 28. Rbd1 Kf6 29. Rd3 Ke6 30. Kf3 Re4 31. Rfd1 Be5 32. Kg2 Rd4 33. Rxd4 cxd4
34. a5 b5 35. Kf3 Bxd6 36. Bxd6 Rxd6 37. Re1+ Kd5 38. Re7 Ra6 39. Rxh7 Rxa5 40.
Rg7 Ra6 41. h4 Re6 42. Rh7 a6 43. Rc7 Rc6 44. Rd7+ Kc5 45. Ke2 Kb4 46. Rxd4+
Kxb3 47. f3 b4 48. g4 fxg4 49. fxg4 a5 50. h5 gxh5 51. gxh5 a4 52. Rd3+ Kb2 53.
Rd4 Ka3 54. Rh4 b3 55. h6 b2 56. h7 Rc8 0-1